Mối quan hệ giữa kinh và chính trị trong quá trình phát triển nền kinh tế thị trường định hướng Xã hội Chủ nghĩa ở Việt Nam hiện nay
Nội dung sách giới thiệu mối quan hệ giữa kinh tế và chính trị một số vấn đề lý luận và kinh nghiệm. Thực trang định hướng XHCN của chính trị và phát triển kinh tế thị trường ở VN. Nâng cao chất lượng định hướng XHCN của chính trị và...
Enregistré dans:
| Auteur principal: | |
|---|---|
| Format: | Livre |
| Langue: | Undetermined |
| Publié: |
Thành phố Hồ Chí Minh
Tổng hợp thành phố Hồ Chí Minh
2009
|
| Sujets: | |
| Tags: |
Ajouter un tag
Pas de tags, Soyez le premier à ajouter un tag!
|
| Thư viện lưu trữ: | Trung tâm Học liệu Trường Đại học Cần Thơ |
|---|
| LEADER | 01273nam a2200205Ia 4500 | ||
|---|---|---|---|
| 001 | CTU_228409 | ||
| 008 | 210402s9999 xx 000 0 und d | ||
| 082 | |a 335.412 | ||
| 082 | |b T502 | ||
| 100 | |a Nguyễn, Quốc Tuấn | ||
| 245 | 0 | |a Mối quan hệ giữa kinh và chính trị trong quá trình phát triển nền kinh tế thị trường định hướng Xã hội Chủ nghĩa ở Việt Nam hiện nay | |
| 245 | 0 | |c Nguyễn Quốc Tuấn | |
| 260 | |a Thành phố Hồ Chí Minh | ||
| 260 | |b Tổng hợp thành phố Hồ Chí Minh | ||
| 260 | |c 2009 | ||
| 520 | |a Nội dung sách giới thiệu mối quan hệ giữa kinh tế và chính trị một số vấn đề lý luận và kinh nghiệm. Thực trang định hướng XHCN của chính trị và phát triển kinh tế thị trường ở VN. Nâng cao chất lượng định hướng XHCN của chính trị và phát triển nền kinh tế thị trường ở VN hiện nay. | ||
| 650 | |a Kinh tế học Mác-xít,Marxian economics | ||
| 650 | |z Việt Nam,Vietnam | ||
| 910 | |b dqhieu | ||
| 980 | |a Trung tâm Học liệu Trường Đại học Cần Thơ | ||